Statistics for Χώρες που αρχίζουν από Ο

Click here to take the quiz!

General Stats

  • This quiz has been taken 557 times
  • The average score is 5 of 7

Answer Stats

Απάντηση% Correct
Ουρουγουάη
82%
Ουζμπεκιστάν
79%
Ομάν
78%
Ουκρανία
76%
Ουγγαρία
73%
Ουγκάντα
60%
Ονδούρα
59%

Score Distribution

Percentile by Number Answered

Percent of People with Each Score

Your Score History

You have not taken this quiz